Ces langues existent-elles ? - Mort Subite [TRES DIFFICILE] - Statistiques

Statistiques générales
  • Ce quiz a été pris 240 fois
    237 depuis la dernière actualisation
  • Le résultat moyen est 12 sur 55
Answers on the Grid
Answers color-coded by a green-red scale on the quiz's grid according to % correct below.
Afrikaans
Ajoupa
Allemand
Américain
Antarcticois
Arabe
Arménien
Bahreïnien
Balticois
Bamakéen
Bambara
Basque
Belge
Biélorusse
Bohémien
Bornéen
Braizile
Canadien
Canarien
Chibouque
Chișinălais
Chleuh
Chthonien
Chypriote
Coréen
Crétois
Danois
Ewé
Féroïen
Fjordique
Funafutuan
Futunien
Grec
Groenlandais
Guarani
Haoussa
Hawaïen
Himalayen
Iakoute
Igbo
Japonais
Javanais
Jayawardenepuruan
Jordanien
Kannada
Kaoh Kongais
Kazakh
Kinyarwanda
Kirundi
Lao
Letton
Macaoïen
Malgache
Maltais
Mandarin
Mannois
Maori
Ménibusois
Mexicain
Miao chuanqiandian
Ndomazi
Nukualofuan
Onirique
Ouïghour
Ourdou
Papouasien
Parkinson
Pazunelangue
Peul
Pitjantjatjara
Polonais
Portugais
Roumain
Russe
Sango
Sangolé
Serbe
Sinusoïdal
Sri Lankais
Strathclyde
Sud-Soudanais
Suisse
Tagalog
Tanzanien
Tatar
Télougou
Tératogène
Khmer
Tjanturruku
Touareg
Transylvanien
Tswana
Tunisien
Turc
Tuvaluan
Wangkurlayi
Wolof
Xaxarathe
Xhosa
Yankunytjatjara
 
Statistiques - réponses
Réponse % Correct
Grec
53%
Arabe
49%
Turc
49%
Letton
45%
Malgache
45%
Roumain
45%
Russe
45%
Coréen
43%
Japonais
43%
Allemand
41%
Basque
41%
Danois
41%
Polonais
41%
Portugais
41%
Serbe
41%
Arménien
39%
Maltais
29%
Mandarin
29%
Maori
29%
Wolof
29%
Afrikaans
27%
Khmer
24%
Tagalog
22%
Javanais
20%
Ouïghour
20%
Kazakh
18%
Peul
18%
Biélorusse
16%
Hawaïen
16%
Igbo
16%
Tatar
16%
Xhosa
16%
Guarani
14%
Ourdou
14%
Féroïen
12%
Groenlandais
12%
Lao
12%
Bambara
10%
Mannois
10%
Télougou
10%
Chleuh
8%
Haoussa
8%
Iakoute
8%
Tswana
8%
Tuvaluan
8%
Ewé
6%
Futunien
6%
Kinyarwanda
6%
Kirundi
6%
Touareg
6%
Kannada
4%
Pitjantjatjara
4%
Sango
4%
Yankunytjatjara
4%
Miao chuanqiandian
0%
Aucun quiz correspondant
Distribution des résultats
% des personnes avec chaque résultat
Percentile par nombre de réponses
Votre historique - résultats
Vous n’avez pas pris ce quiz depuis la dernière actualisation